00544 2200193 4500001002100000008004100021035002000062245005700082100002900139250001000168260003900178300002500217020002200242084001700264082001100281650003400292990001200326990001200338INLIS000000000015213 ind  a0010-1222000292 aBiografi Empat Imam MadzhabcAbdul Aziz Asy- Syinawi aABDUL, Aziz Asy- Syinawi acet.1 aDepok :bFathan Media Prima,c2017 aiii,817 hlm.c24 cm. a978-602-1683-31-6 a297.98 ABD b a297.98 aISLAM, BIOGRAFI EMPAT MADZHAB a10016 a a10016 b